| 000 | 00544nam a2200193Ia 4500 | ||
|---|---|---|---|
| 003 | OSt | ||
| 005 | 20230504093235.0 | ||
| 008 | 210423s2005 xx 000 0 und d | ||
| 040 | _cAL | ||
| 041 | _aeng | ||
| 082 | _a574.192 DUTN | ||
| 100 |
_aDUTTA (Naren Kumar). _997400 |
||
| 245 | _aFundamentals of biochemistry: a practical approach. | ||
| 260 |
_aNew Delhi _bKanishka Publishers Distributors _c2005 |
||
| 300 | _avii,594 | ||
| 365 |
_b1100 _cINR |
||
| 906 | _aapproach. ; biochemistry: ; Fundamentals ; practical | ||
| 942 |
_2ddc _cBK |
||
| 999 |
_c163186 _d163186 |
||